000 00399nam a2200145Ia 4500
008 230312s9999||||xx |||||||||||||| ||und||
082 _a136.16
_bSAX
100 _aSaxe Louis P
245 0 _aSex and the Mature Man
260 _bGilbert
_aNew York
_c1965
300 _a256
546 _aEng.
650 _aEconomics
_vthe virile frightened man , what caues the male crisis ,sex disorders
942 _cBK
999 _c2638
_d2638